| 000 | 00657cas a2200205 a 4500 | ||
|---|---|---|---|
| 005 | 20250116063900.0 | ||
| 006 | s|||||o|||| 00| 0 | ||
| 008 | 991125c2015 mx fr p|o 000 0 spa d | ||
| 035 | _aUPN01000232721 | ||
| 040 |
_aMX-MxUPN _bspa _eaacr2 |
||
| 049 | _aREV-E | ||
| 245 | 0 | 0 |
_aHorizontes educativos _b: utopías y realidades de un nuevo siglo _h[recurso electrónico en línea] |
| 260 |
_aCuliacán, Sin. : _bUniversidad Pedagógica del Estado de Sinaloa, _c2015- |
||
| 310 | _aSemestral | ||
| 506 | 0 | _aAcceso abierto | |
| 650 | 4 |
_aEducación _9682 |
|
| 856 | 4 | 0 | _uhttp://www.upes.edu.mx/portal/pdf/1.pdf |
| 905 | _aRevista | ||
| 942 | _cREV-E | ||
| 999 |
_c204816 _d204816 |
||